| 000 | 00443cam a2200205ua 4500 | ||
|---|---|---|---|
| 020 | _c15.00 | ||
| 041 |
_aeng _h |
||
| 082 |
_a330.1 _bGAN/PR |
||
| 100 | _aGanpathi, V. | ||
| 245 |
_aPrinciples of economics _hTextual Documents |
||
| 250 |
_a / _b. |
||
| 260 |
_a : _b , _c1970. |
||
| 300 | _a438 ; . | ||
| 365 | _a15.00 | ||
| 504 | _a | ||
| 700 | 1 | _aVanish, M C. | |
| 942 | _cBK | ||
| 999 |
_c122 _d122 |
||